Πρωτεύουσες των Χωρών της Μεσογείου - Statistics

General Stats
  • This quiz has been taken 54 times
  • The average score is 19 of 21
Answer Stats
Χώρα Πρωτεύουσα % Correct
Αίγυπτος Κάιρο
100%
Αλβανία Τίρανα
100%
Γαλλία Παρίσι
100%
Ελλάδα Αθήνα
100%
Ισπανία Μαδρίτη
100%
Ιταλία Ρώμη
100%
Τουρκία Άγκυρα
100%
Κύπρος Λευκωσία
98%
Μάλτα Βαλέτα
98%
Μονακό Μονακό
98%
Συρία Δαμασκός
93%
Αλγερία Αλγέρι
90%
Κροατία Ζάγκρεμπ
90%
Τυνησία Τύνιδα
90%
Βοσνία και Ερζεγοβίνη Σαράγεβο
88%
Ισραήλ Ιερουσαλήμ
88%
Μαρόκο Ραμπάτ
83%
Λιβύη Τρίπολη
80%
Λίβανος Βηρυτός
76%
Μαυροβούνιο Ποντγκόριτσα
76%
Σλοβενία Λιουμπλιάνα
73%
No matching quizzes found
Score Distribution
Percent of People with Each Score
Percentile by Number Answered
Your Score History
You have not taken this quiz